000 00578nam a22001817a 4500
005 20251108172650.0
008 250721s2001 xx 000 0 ara d
082 1 4 _a813,94/ملك
100 1 _aملكاوي، ثابت
_eمؤلف
245 1 0 _aالرواية والقصة القصيرة في الإمارات /
264 1 _aابوظبي :
_bالمجمع الثقافي،
_c2001.
300 _a185 ص
650 1 7 _aالقصص العربية
650 1 7 _aالروايات
650 1 7 _aالإمارات العربية المتحدة
942 _2ddc
_cBK
999 _c85379
_d85379